000
00337nam a2200133Ia 4500
008
220216s9999 xx 000 0 und d
100
_a
Pecquet C
245
0
_a
Allergic contact dermatitis to rubber
260
_b
Clinical Reviews in Allergy
_c
1993
300
_a
413-419
500
_a
Source Year: 1995
856
_u
irrdb
942
_c
JS
999
_c
54048
_d
54048